এরশাদের উত্থান-পতন : (Record no. 194105)
[ view plain ]
| 000 -LEADER | |
|---|---|
| fixed length control field | 00681nam a22001817a 4500 |
| 003 - CONTROL NUMBER IDENTIFIER | |
| control field | BD-DhUL |
| 005 - DATE AND TIME OF LATEST TRANSACTION | |
| control field | 20170502124312.0 |
| 008 - FIXED-LENGTH DATA ELEMENTS--GENERAL INFORMATION | |
| fixed length control field | 170502s1991 ii ||||| |||| 00| 0 ben d |
| 040 ## - CATALOGING SOURCE | |
| Original cataloging agency | BD-DhUL |
| Transcribing agency | BD-DhUL |
| 082 ## - DEWEY DECIMAL CLASSIFICATION NUMBER | |
| Classification number | 320.95492 |
| Item number | KHE |
| 100 1# - MAIN ENTRY--PERSONAL NAME | |
| Personal name | খান, এলাহী নেওয়াজ |
| 245 00 - TITLE STATEMENT | |
| Title | এরশাদের উত্থান-পতন : |
| Remainder of title | ১ম খন্ড / |
| Statement of responsibility, etc. | এলাহী নেওয়াজ খান |
| 260 ## - PUBLICATION, DISTRIBUTION, ETC. (IMPRINT) | |
| Place of publication, distribution, etc. | ঢাকা : |
| Name of publisher, distributor, etc. | ওয়েসিস, |
| Date of publication, distribution, etc. | ১৯৯১ |
| 300 ## - PHYSICAL DESCRIPTION | |
| Extent | খন্ড ; |
| Dimensions | ১৮ সেমি. |
| 651 #4 - SUBJECT ADDED ENTRY--GEOGRAPHIC NAME | |
| Geographic name | বাংলাদেশ |
| General subdivision | রাজনীতি |
| 651 #4 - SUBJECT ADDED ENTRY--GEOGRAPHIC NAME | |
| Geographic name | Bangladesh |
| General subdivision | politics |
| 942 ## - ADDED ENTRY ELEMENTS (KOHA) | |
| Source of classification or shelving scheme | |
| Koha item type | Books |
| Price effective from | Date last seen | Permanent Location | Not for loan | Date acquired | Source of classification or shelving scheme | Koha item type | Lost status | Withdrawn status | Copy number | Source of acquisition | Collection code | Damaged status | Shelving location | Barcode | Current Location | Full call number |
|---|---|---|---|---|---|---|---|---|---|---|---|---|---|---|---|---|
| 2017-05-02 | 2017-05-02 | Dhaka University Library | Not For Loan | 2017-05-02 | Books | 1 | Gift | Non Fiction | Dr. Aftab Ahmed Collection | 427477 | Dhaka University Library | 320.95492 KHE |
